000 01478nam a22004455i 4500
999 _c3769
_d3769
003 ALUPE UNIVERSITY COLLEGE
005 20220209115702.0
008 100725s2009 xxu| s |||| 0|eng d
020 _a9780817646127
040 _cALUPE UNIVERSITY COLLEGE
050 4 _aQA300
_b.A66 1974
072 7 _aPBK
_2bicssc
072 7 _aMAT034000
_2bisacsh
090 _aQA299.6eb
100 1 _aApostol, Tom A.
245 1 0 _aMathematical Analysis :
_bAn Introduction to Functions of Several Variables /
_cby Tom M. Apostol.
264 1 _aAmsterdam, London :
_bAddison-Wesley Publishing Company,
_cc1974.
300 _a1 online resource (X, 483 pages)
336 _atext
_btxt
_2rdacontent.
337 _acomputer
_bc
_2rdamedia.
338 _aonline resource
_bcr
_2rdacarrier.
347 _atext file
_bPDF
_2rda.
504 _aIncludes index
506 _aAccess restricted to University of Saskatchewan students, faculty, and staff.
650 0 _aMathematics.
650 0 _aMathematical analysis.
650 0 _aAnalysis (Mathematics)
650 0 _aMeasure theory.
650 0 _aDifferential equations.
650 0 _aFunctions of complex variables.
650 0 _aCalculus of variations.
700 1 _aApostol, Tom M.
_eauthor.
710 2 _aSpringerLink (Online service)
710 2 _aSpringer, vendor.
_5UOH.
773 0 _tSpringer eBooks.
776 0 8 _iPrinted edition:
_z9780817645090.
907 _a.b45012283
942 _2lcc
_cBK